Guerrilla operation (Record no. 395387)

MARC details
000 -LEADER
fixed length control field 00501 a2200205 4500
005 - DATE & TIME
control field 20260205123634.0
008 - FIXED-LENGTH DATA ELEMENTS--GENERAL INFORMATION
fixed length control field 260205b |||||||| |||| 00| 0 eng d
020 ## - ISBN
International Standard Book Number 9789380930619
Price Rs. 825.00
040 ## - CATALOGING SOURCE
Original cataloging agency VIVEKANANDA LIBRARY
082 ## - DDC NUMBER
Classification number 355.43
Book Number P192G
100 ## - MAIN ENTRY--PERSONAL NAME
Personal name Panda, R R
245 ## - TITLE STATEMENT
Title Guerrilla operation
260 ## - PUBLICATION, DISTRIBUTION, ETC. (IMPRINT)
Name of publisher, distributor, etc Yking Books
Date of publication, distribution, etc 2012
Place of publication, distribution, etc Jaipur
300 ## - PHYSICAL DESCRIPTION
Pages vi, 248
650 ## - Subject
Subject Defence Study
650 ## - Subject
Subject Warfare
650 ## - Subject
Subject Military Science
650 ## - Subject
Subject Guerrilla Warfare
942 ## - ADDED ENTRY ELEMENTS (KOHA)
Koha item type Books
Holdings
Withdrawn status Lost status Source of classification or shelving scheme Damaged status Not for loan Location (home branch) Sublocation or collection (holding branch) Shelving location Date acquired Koha issues (times borrowed) Koha full call number Accession No. Koha date last seen Koha item type
    Dewey Decimal Classification     VIVEKANANDA LIBRARY VIVEKANANDA LIBRARY Vivekananda Library 06/01/2026   355.43 P192G 444064 06/01/2026 Books
© Designed and Maintained by Vivekananda Library, MDU Rohtak